00512nam a2200157 i 4500001000300000100001600003245007600019260001900095040000800114041000800122942000700130008004100137999001700178856009800195952006100293bg1 aWIELAND, J.10aPodstawy elektroniki.nCz. 1,pDiody półprzewodnikowe /cJ. Wieland. aGdynia,c1983. cBPK apol cKS s pl f |000 0 pol  c22123d22123 uhttp://koha.tu.koszalin.pl/cgi-bin/koha/opac-detail.pl?biblionumber=22123yKatalog online BPK 00104070aBPKbBPKcwo31079p01299465s2016-03-16yKS